000 00596nam a2200205Ia 4500
005 20250317130110.0
008 008 250317s9999 xx 000 0 eng d
020 _a81-7094-020-6
037 _aTextbook
040 _aFMSL
_beng
_cFMSL
041 _aeng
_2eng
084 _aX8(A):97.2 M8
_qFMSL
100 _aBidani S N
245 0 _aIndustrial sickness : Identification and Rehabiliatation
250 _a3rd
260 _aNew Delhi
_bNew Delhi, Vision Books
_c1988
300 _a196p
942 _cTB
_hX8(A):97.2 M8
999 _c1262287
_d1262287